Statistics for AEW Champions by Year - 2022

Click here to take the quiz!

General Stats

  • This quiz has been taken 190 times
  • The average score is 29 of 32

Answer Stats

TitleDateEventWrestler% Correct
TriosSeptember 7DynamitePenta El Zero M
99%
WorldAugust 24DynamiteJon Moxley
98%
WorldSeptember 21Dynamite: Grand SlamJon Moxley
98%
WorldNovember 19Full GearMJF
98%
WorldMay 29Double or NothingCM Punk
97%
WorldSeptember 4All OutCM Punk
97%
TriosSeptember 4All OutKenny Omega
95%
TriosSeptember 4All OutMatt Jackson
95%
TriosSeptember 4All OutNick Jackson
95%
TriosSeptember 7DynamitePac
93%
All-AtlanticJune 26AEW/NJPW Forbidden DoorPac
93%
Tag TeamJune 15Dynamite: Road RagerMatt Jackson
92%
Tag TeamJune 15Dynamite: Road RagerNick Jackson
92%
All-AtlanticOctober 12DynamiteOrange Cassidy
92%
FTWJuly 27Dynamite: Fight for the FallenHook
91%
TBSJanuary 5DynamiteJade Cargill
91%
TriosSeptember 7DynamiteRey Fénix
89%
TNTJanuary 26Dynamite: Beach BreakSammy Guevara
89%
TNTApril 16Battle of the Belts IISammy Guevara
89%
Women's WorldSeptember 4All OutToni Storm
89%
TNTJuly 6DynamiteWardlow
88%
Tag TeamSeptember 21Dynamite: Grand SlamAnthony Bowens
86%
Tag TeamJuly 13Dynamite: Fyter FestKeith Lee
86%
Tag TeamSeptember 21Dynamite: Grand SlamMax Caster
86%
TNTNovember 19Full GearSamoa Joe
85%
Tag TeamJuly 13Dynamite: Fyter FestSwerve Strickland
85%
Women's WorldMarch 16Dynamite: St. Patrick's Day SlamThunder Rosa
83%
Women's WorldNovember 19Full GearJamie Hayter
80%
TNTMarch 9DynamiteScorpio Sky
79%
TNTApril 27DynamiteScorpio Sky
79%
Tag TeamJanuary 5DynamiteJungle Boy
75%
Tag TeamJanuary 5DynamiteLuchasaurus
75%

Score Distribution

Percentile by Number Answered

Percent of People with Each Score

Your Score History

You have not taken this quiz